Géopolitique du Covid-19 : (Record no. 6814)

MARC details
000 -LEADER
fixed length control field 00937cam a2200253 i 4500
001 - CONTROL NUMBER
control field 21650373
003 - CONTROL NUMBER IDENTIFIER
control field TZ-ArACH
005 - DATE AND TIME OF LATEST TRANSACTION
control field 20230124165604.0
008 - FIXED-LENGTH DATA ELEMENTS--GENERAL INFORMATION
fixed length control field 200722s2020 fr b 000 0 fre d
010 ## - LIBRARY OF CONGRESS CONTROL NUMBER
LC control number 2019478490
020 ## - INTERNATIONAL STANDARD BOOK NUMBER
International Standard Book Number 9782416000560
Qualifying information (paperback)
042 ## - AUTHENTICATION CODE
Authentication code lccopycat
050 00 - LIBRARY OF CONGRESS CALL NUMBER
Classification number RA644
Item number .B66 2020
100 1# - MAIN ENTRY--PERSONAL NAME
Personal name Boniface, Pascal,
Relator term author.
245 10 - TITLE STATEMENT
Title Géopolitique du Covid-19 :
Remainder of title ce que nous révèle la crise du coronavirus /
Statement of responsibility, etc Pascal Boniface.
260 ## - PUBLICATION, DISTRIBUTION, ETC. (IMPRINT)
Place of publication, distribution, etc Paris :
Name of publisher, distributor, etc Éditions Eyrolles,
Date of publication, distribution, etc 2020.
300 ## - PHYSICAL DESCRIPTION
Extent 189 pages ;
Dimensions 22 cm
504 ## - BIBLIOGRAPHY, ETC. NOTE
Bibliography, etc Includes bibliographical references.
650 #0 - SUBJECT ADDED ENTRY--TOPICAL TERM
Topical term or geographic name as entry element International relations
General subdivision History
Chronological subdivision 21st century.
650 #0 - SUBJECT ADDED ENTRY--TOPICAL TERM
Topical term or geographic name as entry element COVID-19 (Disease)
General subdivision Political aspects.
906 ## - LOCAL DATA ELEMENT F, LDF (RLIN)
a 7
b cbc
c copycat
d 3
e ncip
f 20
g y-gencatlg
942 ## - ADDED ENTRY ELEMENTS (KOHA)
Source of classification or shelving scheme Library of Congress Classification
Koha item type Books
Holdings
Home library Current library Date acquired Full call number Barcode Koha item type
African Court on Human and Peoples' Rights Library African Court on Human and Peoples' Rights Library 24/01/2023 RA644 .B66 2020 10193839 Books

African Court on Human and Peoples' Rights | For Inquiries Contact » +255 272 510 510